• 首页
  • 本馆介绍
  • 公告通知
  • 最新文献
  • 馆藏检索
  • 电子资源
  • 读者导购
  • 参考咨询
  • 我的图书馆
  • 登录
  • 详细信息显示
  • 放入我的书架
  • 预约/预借图书
  • 作者相关作品
  • 分类相关作品
  • 丛书相关作品
  • 出版社相关作品

书目信息

  • 表格格式
  • 工作单格式
  • 卡片格式
题名:
图解万用表使用
    
 
作者: 韩雪涛 主编 ;马楠 , 宋永欣 参编
分册:  
出版信息: 北京   中国电力出版社  2018
页数: 154页
开本: 26cm
丛书名: 电工自学速成
单 册:
中图分类: TM938.107-64
科图分类:
主题词: 复用电表--fu yong dian biao--使用方法--图解
电子资源:
ISBN: 978-7-5198-2132-6
000 01395nam 2200313 450
001 012001000528
005 20131106111728.0
010    @a978-7-5198-2132-6@dCNY69.80
099    @aCAL 012019106769
100    @a20190905d2018 em y0chiy0121 ea
101 0  @achi
102    @aCN@b110000
105    @aa z 000yy
106    @ar
200 1  @a图解万用表使用@Atu jie wan yong biao shi yong@f韩雪涛主编
210    @a北京@c中国电力出版社@d2018
215    @a154页@c彩图@d26cm
225 2  @a电工自学速成@Adian gong zi xue su cheng
330    @a本书以国家电工电子相关专业的职业资格考核标准为指导, 结合电工电子岗位就业中的实际情况, 以典型万用表为例, 将万用表使用操作中所需的专业知识和技能系统地划分成7章, 分别为: 万用表的功能应用与种类特点、万用表的结构特点、万用表的使用方法、万用表检测电流的方法、万用表检测电压的方法、万用表检测电子元器件、万用表检测应用实例。
333    @a本书可作为电工电子专业技能培训教材, 以及各职业技术院校电工电子专业的实训教材, 也适合从事电工电子行业生产、调试、维修的技术人员和业余爱好者阅读
410  0 @12001 @a电工自学速成
517 1  @a万用表使用@Awan yong biao shi yong
606 0  @a复用电表@Afu yong dian biao@x使用方法@j图解
690    @aTM938.107-64@v5
701  0 @a韩雪涛@Ahan xue tao@4主编
702  0 @a马楠@Ama nan@4参编
702  0 @a宋永欣@Asong yong xin@4参编
801  0 @aCN@b北京卓展文化@c20191020
905    @b1196316-9@dTM938.107-64@e97@f4
    
    图解万用表使用/韩雪涛主编.-北京:中国电力出版社,2018
    154页:彩图;26cm.-(电工自学速成)
    使用对象:本书可作为电工电子专业技能培训教材, 以及各职业技术院校电工电子专业的实训教材, 也适合从事电工电子行业生产、调试、维修的技术人员和业余爱好者阅读
    
    ISBN 978-7-5198-2132-6:CNY69.80
    本书以国家电工电子相关专业的职业资格考核标准为指导, 结合电工电子岗位就业中的实际情况, 以典型万用表为例, 将万用表使用操作中所需的专业知识和技能系统地划分成7章, 分别为: 万用表的功能应用与种类特点、万用表的结构特点、万用表的使用方法、万用表检测电流的方法、万用表检测电压的方法、万用表检测电子元器件、万用表检测应用实例。
●
相关链接 在E读中查询图书 在五车中查询图书 在当当中查询图书 在豆瓣中查询图书


正题名:图解万用表使用     索取号:TM938.107-64/97         预约/预借

序号 登录号 条形码 馆藏地/架位号 状态 备注
1 1196316   211963160   第二样本阅览室/ [索取号:TM938.107-64/97] 在馆    
2 1196317   211963179   第三借阅区/ [索取号:TM938.107-64/97] 在馆    
3 1196318   211963188   第三借阅区/ [索取号:TM938.107-64/97] 在馆    
4 1196319   211963197   第三借阅区/ [索取号:TM938.107-64/97] 在馆    
唐山师范学院图书馆 欢迎您!
大连网信软件有限公司© 版权所有